| 000 | 00787njm a2200265Ia 4500 | ||
|---|---|---|---|
| 001 | 20963 | ||
| 003 | IT-RoPAU | ||
| 005 | 20220918181110.0 | ||
| 008 | 131025s9999 xx 000 0 und d | ||
| 040 | _aIT-RoPAU | ||
| 040 | _cIT-RoPAU | ||
| 999 |
_c98902 _d98902 |
||
| 999 | _bn.d. | ||
| 100 |
_aNgumu P.C. _94348 |
||
| 100 |
_eAutore musica _94349 |
||
| 100 |
_gCodice autore musica SPICS: 3199 _94350 |
||
| 245 | _aMessa a Yaoumdè (La) | ||
| 250 | _a1a ed. | ||
| 260 | _aROMA | ||
| 260 |
_bSPICS RECORDS _c1982 [1a Ed.:] |
||
| 300 | _aMUSICASSETTA | ||
| 500 | _aMusica religiosa. Musica folk del Camerun. Voci e strumenti caratteristici. | ||
| 650 |
_aRELIGIOSO-FOLK [CASSETTE] _eCodice MATERIA SPICS: 9951 _94351 |
||
| 700 |
_aAlima T. _eAutore _gCodice autore SPICS: 10700 _94352 |
||
| 942 |
_cMC _2ddc |
||